000 00735nam a2200193Ia 4500
999 _c39060
_d39060
001 5603
003 GE_BSU
005 20190628183906.0
008 181216s1961|||| |||||||||||||| ||geo||
041 _ageo
080 _a621.86/87 ბ-32
100 _aბაქრაძე, ი.
_93093
245 _aტვირთამწევი მანქანები /
_cი. ბაქრაძე ; რედ : ნ.შენგელია.
264 _aთბილისი :
_bცოდნა,
_c1961.
300 _a304 გვ .:
_bილ ;
_c27 სმ.
653 _aტვირთამწევი მანქანები
700 _aშენგელია, ი
_eრედაქტორი
_93094
942 _cBK
_2udc